[Event "Spakenburg FishPartners op"]
[Site "Spakenburg"]
[Date "2025.07.05"]
[Round "2"]
[White "Van Brummelen, Kevin"]
[Black "Andersson, Ulf"]
[Result "0-1"]
[WhiteElo "2091"]
[BlackElo "2519"]
[PlyCount "114"]
[EventDate "2025.07.05"]
[EventType "swiss (rapid)"]
[EventRounds "7"]
[EventCountry "NED"]
[SourceTitle "CB28_2025"]
[SourceDate "2025.07.09"]
[SourceVersion "1"]
[SourceVersionDate "2025.07.09"]
[SourceQuality "1"]

1. Nf3 c5 2. g3 g6 3. Bg2 Bg7 4. c4 Nc6 5. 0-0 e6 6. d3 Nge7 7. Nc3 0-0 8. e4 a6 9. Bf4 d6 10. Qd2 Re8 11. Bh6 Bh8 12. Rae1 b5 13. e5 dxe5 14. Ne4 Nf5 15. Nxc5 Qe7 16. Ne4 Nxh6 17. Qxh6 f5 18. Neg5 Bb7 19. Nxe6 bxc4 20. dxc4 e4 21. Nfg5 Ne5 22. Nf4 Bf6 23. Nxe4 fxe4 24. Nd5 Bxd5 25. cxd5 Bg5 26. Qh3 Qd7 27. Qxd7 Nxd7 28. Rxe4 Rxe4 29. Bxe4 Re8 30. Bd3 Nc5 31. Bc4 a5 32. Rd1 Kf8 33. d6 Bd8 34. Rd5 Bb6 35. Kg2 Re4 36. b3 Ke8 37. h4 h6 38. h5 g5 39. Rf5 Nd7 40. a4 Rd4 41. Bd5 Bc5 42. Bc6 Bb4 43. f4 gxf4 44. gxf4 Rxd6 45. Bb5 Ke7 46. Bc4 Rf6 47. Rb5 Rxf4 48. Rb7 Kd6 49. Bb5 Nf6 50. Kg3 Rf5 51. Rb6+ Ke5 52. Bd3 Nxh5+ 53. Kh4 Be1+ 54. Kg4 Nf6+ 55. Kh3 Rf3+ 56. Kg2 Rxd3 57. Kf1 Bb4 0-1

[Event "WchT Seniors 50"]
[Site "Prague"]
[Date "2025.02.23"]
[Round "6.1"]
[White "Andersson, Ulf"]
[Black "Aagaard, Jacob"]
[Result "1/2-1/2"]
[WhiteElo "2518"]
[BlackElo "2435"]
[PlyCount "59"]
[EventDate "2025.02.17"]
[EventType "team-swiss"]
[EventRounds "9"]
[EventCountry "CZE"]
[SourceTitle "CB09_2025"]
[SourceDate "2025.02.27"]
[SourceVersion "1"]
[SourceVersionDate "2025.02.27"]
[SourceQuality "1"]
[WhiteTeam "Sweden 50"]
[BlackTeam "Denmark (50)"]
[WhiteTeamCountry "SWE"]
[BlackTeamCountry "DEN"]

1. d4 d5 2. c4 c6 3. Nf3 e6 4. Qc2 dxc4 5. Qxc4 Nf6 6. g3 b5 7. Qd3 Bb7 8. Bg2 Nbd7 9. Nbd2 Qb6 10. a4 a6 11. 0-0 c5 12. axb5 axb5 13. Rxa8+ Bxa8 14. dxc5 Nxc5 15. Qd4 Be7 16. b4 Na4 17. Qxb6 Nxb6 18. Nd4 Bxg2 19. Kxg2 Bxb4 20. Nxb5 0-0 21. Nf3 Nbd5 22. Bd2 Bxd2 23. Nxd2 Rc8 24. Ra1 h6 25. Nd6 Rd8 26. N2c4 Ne8 27. Nxe8 Rxe8 28. Ra7 Re7 29. Rxe7 Nxe7 30. Kf3 1/2-1/2

[Event "Yerevan Vaganian Cup Blitz"]
[Site "Yerevan"]
[Date "2024.11.10"]
[Round "8"]
[White "Nadanian, Ashot S"]
[Black "Andersson, Ulf"]
[Result "1/2-1/2"]
[WhiteElo "2248"]
[BlackElo "2518"]
[PlyCount "62"]
[EventDate "2024.11.09"]
[EventType "tourn (blitz)"]
[EventRounds "14"]
[EventCountry "ARM"]
[EventCategory "6"]
[SourceTitle "CB45_2024"]
[Source "ChessBase"]
[SourceDate "2024.11.06"]
[SourceVersion "1"]
[SourceVersionDate "2024.11.06"]
[SourceQuality "1"]

1. e4 d5 2. exd5 Qxd5 3. Nc3 Qa5 4. d4 Nf6 5. Nf3 Bf5 6. Ne5 c6 7. g4 Be6 8. Bg2 Nbd7 9. Nxd7 Bxd7 10. h3 g6 11. 0-0 Bg7 12. Re1 e6 13. Bf4 0-0 14. Qd2 Rfe8 15. Be5 Nd5 16. Bxg7 Kxg7 17. Re5 Qc7 18. Rae1 Rad8 19. g5 Nxc3 20. Qxc3 Kg8 21. h4 Qd6 22. h5 Bc8 23. R1e4 Qf8 24. Qf3 b6 25. Rf4 Bb7 26. c3 Rd7 27. Rh4 c5 28. Qe3 Bxg2 29. Kxg2 cxd4 30. cxd4 Red8 31. Ree4 Rd5 1/2-1/2

[Event "Yerevan Vaganian Cup Blitz"]
[Site "Yerevan"]
[Date "2024.11.09"]
[Round "11"]
[White "Andersson, Ulf"]
[Black "Bellon Lopez, Juan Manuel"]
[Result "1-0"]
[WhiteElo "2518"]
[BlackElo "2281"]
[PlyCount "64"]
[EventDate "2024.11.09"]
[EventType "tourn (blitz)"]
[EventRounds "14"]
[EventCountry "ARM"]
[EventCategory "6"]
[SourceTitle "CB45_2024"]
[Source "ChessBase"]
[SourceDate "2024.11.06"]
[SourceVersion "1"]
[SourceVersionDate "2024.11.06"]
[SourceQuality "1"]

1. Nf3 d5 2. d4 Nf6 3. c4 e6 4. Nc3 Nbd7 5. g3 c6 6. Bg2 Bb4 7. Qb3 a5 8. 0-0 0-0 9. a3 Bxc3 10. Qxc3 a4 11. Bf4 Ne4 12. Qc2 f5 13. Ne5 Nxe5 14. Bxe5 Nd6 15. Bxd6 Qxd6 16. Rac1 Bd7 17. Qd2 Rfd8 18. Rfd1 Be8 19. Bf3 dxc4 20. Rxc4 e5 21. e3 e4 22. Be2 Bf7 23. Rc5 Bb3 24. Rdc1 Bd5 25. Bc4 Qe6 26. Bxd5 Rxd5 27. Qb4 Qd7 28. Rxd5 cxd5 29. Rc5 f4 30. exf4 Qg4 31. Qc3 Re8 32. Qe3 Qe6 1-0

[Event "Yerevan Vaganian Cup Blitz"]
[Site "Yerevan"]
[Date "2024.11.09"]
[Round "6"]
[White "Andersson, Ulf"]
[Black "Kalantaryan, Norayr"]
[Result "1-0"]
[WhiteElo "2518"]
[BlackElo "2383"]
[PlyCount "115"]
[EventDate "2024.11.09"]
[EventType "tourn (blitz)"]
[EventRounds "14"]
[EventCountry "ARM"]
[EventCategory "6"]
[SourceTitle "CB45_2024"]
[Source "ChessBase"]
[SourceDate "2024.11.06"]
[SourceVersion "1"]
[SourceVersionDate "2024.11.06"]
[SourceQuality "1"]

1. d4 Nc6 2. Nf3 d6 3. c4 e5 4. Nc3 Nf6 5. e3 Be7 6. Be2 0-0 7. 0-0 Re8 8. b3 exd4 9. Nxd4 Bd7 10. Bb2 Nxd4 11. Qxd4 c5 12. Qd1 Bc6 13. Bf3 Qc7 14. Qe2 a6 15. Rfd1 Rad8 16. Rd2 Bxf3 17. Qxf3 Qc6 18. Rad1 Qxf3 19. gxf3 Bf8 20. Kg2 Re6 21. Ne2 Nh5 22. Rd5 g6 23. Rxc5 dxc5 24. Rxd8 Rd6 25. Rxd6 Bxd6 26. f4 f5 27. Kf3 Kf7 28. Nc1 Ke6 29. Nd3 b6 30. Bc3 a5 31. Nb2 Kd7 32. Na4 Kc6 33. Bh8 h6 34. h3 g5 35. fxg5 hxg5 36. Nc3 Be7 37. Nd5 Bd8 38. a4 Kd6 39. Bc3 Ke6 40. Bb2 Kd6 41. Bh8 Ke6 42. Nc3 Bf6 43. Bxf6 Nxf6 44. Ke2 Ke5 45. Kd3 g4 46. hxg4 fxg4 47. Ke2 Kf5 48. Kf1 Ke5 49. Kg2 Kf5 50. Kg3 Kg5 51. e4 Nh5+ 52. Kg2 Kf4 53. Nd5+ Kxe4 54. Nxb6 Nf4+ 55. Kg3 Nd3 56. Nd7 Kf5 57. Kg2 Ke6 58. Nb6 1-0

[Event "Yerevan Vaganian Cup Blitz"]
[Site "Yerevan"]
[Date "2024.11.09"]
[Round "14"]
[White "Andersson, Ulf"]
[Black "Khalikian, Ovik"]
[Result "1-0"]
[WhiteElo "2518"]
[BlackElo "2325"]
[PlyCount "110"]
[EventDate "2024.11.09"]
[EventType "tourn (blitz)"]
[EventRounds "14"]
[EventCountry "ARM"]
[EventCategory "6"]
[SourceTitle "CB45_2024"]
[Source "ChessBase"]
[SourceDate "2024.11.06"]
[SourceVersion "1"]
[SourceVersionDate "2024.11.06"]
[SourceQuality "1"]

1. d4 Nf6 2. c4 g6 3. Nc3 Bg7 4. Nf3 d5 5. e3 0-0 6. Qb3 c6 7. Be2 dxc4 8. Bxc4 Qb6 9. 0-0 Qxb3 10. Bxb3 Nbd7 11. Rd1 c5 12. h3 b6 13. Nd5 Nxd5 14. Bxd5 Rb8 15. Bc6 Rd8 16. dxc5 bxc5 17. Rb1 Rb6 18. Be4 Rd6 19. Rxd6 exd6 20. Bd2 Nb6 21. b3 d5 22. Bc2 c4 23. Rc1 Be6 24. Ba5 Rc8 25. Rd1 Bf5 26. Bxf5 gxf5 27. Nd4 Bxd4 28. Rxd4 c3 29. Rd1 c2 30. Rc1 Nd7 31. Kf1 Rc6 32. Ke2 Ra6 33. b4 Rc6 34. Kd2 Ne5 35. Rxc2 Nc4+ 36. Kd3 Ne5+ 37. Kd2 Nc4+ 38. Kd1 Kg7 39. Bd8 Kg6 40. Be7 Ra6 41. Bc5 Ra3 42. Ke2 Ra4 43. Kd3 Kf6 44. Bf8 Ke6 45. Ke2 h5 46. Kf3 Ra3 47. Bc5 Ra4 48. Kg3 Kf6 49. Kh4 Kg6 50. Kg3 a6 51. Kf3 Kf6 52. Kf4 Kg6 53. f3 Ra3 54. e4 fxe4 55. fxe4 Rd3 1-0

[Event "Yerevan Vaganian Cup Blitz"]
[Site "Yerevan"]
[Date "2024.11.09"]
[Round "9"]
[White "Andersson, Ulf"]
[Black "Mikhalchishin, Adrian"]
[Result "1/2-1/2"]
[WhiteElo "2518"]
[BlackElo "2426"]
[PlyCount "24"]
[EventDate "2024.11.09"]
[EventType "tourn (blitz)"]
[EventRounds "14"]
[EventCountry "ARM"]
[EventCategory "6"]
[SourceTitle "CB45_2024"]
[Source "ChessBase"]
[SourceDate "2024.11.06"]
[SourceVersion "1"]
[SourceVersionDate "2024.11.06"]
[SourceQuality "1"]

1. d4 Nf6 2. c4 g6 3. Nc3 d5 4. Nf3 Bg7 5. e3 0-0 6. Qb3 e6 7. Be2 b6 8. 0-0 Bb7 9. Rd1 Nbd7 10. Bd2 c5 11. Be1 cxd4 12. Nxd4 Nc5 1/2-1/2

[Event "Yerevan Vaganian Cup Blitz"]
[Site "Yerevan"]
[Date "2024.11.09"]
[Round "3"]
[White "Andersson, Ulf"]
[Black "Vaganian, Rafael A"]
[Result "1/2-1/2"]
[WhiteElo "2518"]
[BlackElo "2449"]
[PlyCount "35"]
[EventDate "2024.11.09"]
[EventType "tourn (blitz)"]
[EventRounds "14"]
[EventCountry "ARM"]
[EventCategory "6"]
[SourceTitle "CB45_2024"]
[Source "ChessBase"]
[SourceDate "2024.11.06"]
[SourceVersion "1"]
[SourceVersionDate "2024.11.06"]
[SourceQuality "1"]

1. d4 d5 2. c4 e6 3. Nf3 Nf6 4. g3 Bb4+ 5. Bd2 Be7 6. Bg2 c6 7. Qc2 Nbd7 8. 0-0 0-0 9. Rd1 b6 10. cxd5 cxd5 11. Nc3 Bb7 12. Qb3 a6 13. a4 Bd6 14. Na2 Qe7 15. Bb4 Rfc8 16. Rac1 Bxb4 17. Qxb4 Qxb4 18. Nxb4 1/2-1/2

[Event "Yerevan Vaganian Cup Blitz"]
[Site "Yerevan"]
[Date "2024.11.09"]
[Round "4"]
[White "Bellon Lopez, Juan Manuel"]
[Black "Andersson, Ulf"]
[Result "1/2-1/2"]
[WhiteElo "2281"]
[BlackElo "2518"]
[PlyCount "77"]
[EventDate "2024.11.09"]
[EventType "tourn (blitz)"]
[EventRounds "14"]
[EventCountry "ARM"]
[EventCategory "6"]
[SourceTitle "CB45_2024"]
[Source "ChessBase"]
[SourceDate "2024.11.06"]
[SourceVersion "1"]
[SourceVersionDate "2024.11.06"]
[SourceQuality "1"]

1. d4 d5 2. Bf4 e6 3. e3 Bd6 4. Bg3 c6 5. Nf3 Qc7 6. Nbd2 Nd7 7. c4 Ngf6 8. Rc1 Bxg3 9. hxg3 0-0 10. Bd3 h6 11. 0-0 e5 12. cxd5 Nxd5 13. dxe5 Nxe5 14. Nxe5 Qxe5 15. Nc4 Qe7 16. Qf3 Be6 17. a3 Rad8 18. Rfd1 Nf6 19. Qf4 Rfe8 20. Be2 Bd5 21. Bf3 Rd7 22. Bxd5 Nxd5 23. Qf3 Red8 24. e4 Nb6 25. Nxb6 axb6 26. Rxd7 Rxd7 27. Rd1 Rxd1+ 28. Qxd1 b5 29. Qd4 Qe6 30. f3 Qb3 31. g4 Qc2 32. Kh2 c5 33. Qd8+ Kh7 34. Qd5 f6 35. Qf5+ Kg8 36. Qc8+ Kh7 37. Qf5+ Kg8 38. Qc8+ Kh7 39. Qf5+ 1/2-1/2

[Event "Yerevan Vaganian Cup Blitz"]
[Site "Yerevan"]
[Date "2024.11.09"]
[Round "12"]
[White "Ribli, Zoltan"]
[Black "Andersson, Ulf"]
[Result "1/2-1/2"]
[WhiteElo "2475"]
[BlackElo "2518"]
[PlyCount "33"]
[EventDate "2024.11.09"]
[EventType "tourn (blitz)"]
[EventRounds "14"]
[EventCountry "ARM"]
[EventCategory "6"]
[SourceTitle "CB45_2024"]
[Source "ChessBase"]
[SourceDate "2024.11.06"]
[SourceVersion "1"]
[SourceVersionDate "2024.11.06"]
[SourceQuality "1"]

1. Nf3 d5 2. d4 Nf6 3. c4 e6 4. Nc3 Be7 5. Bf4 0-0 6. e3 b6 7. cxd5 exd5 8. Be2 Bb7 9. 0-0 c5 10. dxc5 bxc5 11. Qb3 Qb6 12. Rfd1 Nbd7 13. Ne5 Rfd8 14. Nxd7 Rxd7 15. Na4 Qxb3 16. axb3 Rc8 17. Nc3 1/2-1/2

[Event "Yerevan Vaganian Cup Blitz"]
[Site "Yerevan"]
[Date "2024.11.09"]
[Round "10"]
[White "Vaganian, Rafael A"]
[Black "Andersson, Ulf"]
[Result "1/2-1/2"]
[WhiteElo "2449"]
[BlackElo "2518"]
[PlyCount "33"]
[EventDate "2024.11.09"]
[EventType "tourn (blitz)"]
[EventRounds "14"]
[EventCountry "ARM"]
[EventCategory "6"]
[SourceTitle "CB45_2024"]
[Source "ChessBase"]
[SourceDate "2024.11.06"]
[SourceVersion "1"]
[SourceVersionDate "2024.11.06"]
[SourceQuality "1"]

1. d4 Nf6 2. Bg5 e6 3. e4 h6 4. Bxf6 Qxf6 5. Nc3 Bb4 6. Qd2 d5 7. e5 Qe7 8. a3 Bxc3 9. Qxc3 b6 10. f4 c5 11. Nf3 0-0 12. Qe3 Ba6 13. 0-0-0 Bxf1 14. Rhxf1 Nc6 15. g4 f6 16. exf6 Qxf6 17. dxc5 1/2-1/2

[Event "Yerevan Vaganian Cup Rapid"]
[Site "Yerevan"]
[Date "2024.11.08"]
[Round "7"]
[White "Ribli, Zoltan"]
[Black "Andersson, Ulf"]
[Result "1/2-1/2"]
[WhiteElo "2475"]
[BlackElo "2518"]
[PlyCount "39"]
[EventDate "2024.11.06"]
[EventType "tourn (rapid)"]
[EventRounds "7"]
[EventCountry "ARM"]
[EventCategory "6"]
[SourceTitle "CB45_2024"]
[Source "ChessBase"]
[SourceDate "2024.11.06"]
[SourceVersion "1"]
[SourceVersionDate "2024.11.06"]
[SourceQuality "1"]

1. Nf3 d5 2. d4 Nf6 3. c4 e6 4. Nc3 Be7 5. cxd5 exd5 6. Bg5 c6 7. e3 Bf5 8. Bd3 Bxd3 9. Qxd3 Nbd7 10. 0-0 0-0 11. Nd2 Re8 12. h3 a5 13. Qc2 Nf8 14. a3 N6d7 15. Bf4 Ne6 16. Bg3 Qb6 17. Na4 Qb5 18. Nc3 Qb6 19. Na4 Qb5 20. Nc3 1/2-1/2

[Event "Yerevan Vaganian Cup Rapid"]
[Site "Yerevan"]
[Date "2024.11.07"]
[Round "5"]
[White "Andersson, Ulf"]
[Black "Bellon Lopez, Juan Manuel"]
[Result "1-0"]
[WhiteElo "2518"]
[BlackElo "2281"]
[PlyCount "56"]
[EventDate "2024.11.06"]
[EventType "tourn (rapid)"]
[EventRounds "7"]
[EventCountry "ARM"]
[EventCategory "6"]
[SourceTitle "CB45_2024"]
[Source "ChessBase"]
[SourceDate "2024.11.06"]
[SourceVersion "1"]
[SourceVersionDate "2024.11.06"]
[SourceQuality "1"]

1. d4 Nf6 2. c4 c5 3. dxc5 e6 4. g3 Bxc5 5. Bg2 h5 6. Nc3 h4 7. Nh3 hxg3 8. hxg3 a6 9. a3 Nc6 10. b4 Be7 11. Bb2 Ne5 12. Qd4 Qc7 13. c5 Nc6 14. Qe3 Ng4 15. Qf4 Qxf4 16. Nxf4 Rxh1+ 17. Bxh1 d5 18. cxd6 Bxd6 19. Bxc6+ bxc6 20. Ne4 Be5 21. Bxe5 Nxe5 22. Rc1 Ke7 23. Rc5 f6 24. Nd3 Nxd3+ 25. exd3 e5 26. Rxc6 Bd7 27. Rc7 Kd8 28. Rb7 Kc8 1-0

[Event "Yerevan Vaganian Cup Rapid"]
[Site "Yerevan"]
[Date "2024.11.07"]
[Round "4"]
[White "Khalikian, Ovik"]
[Black "Andersson, Ulf"]
[Result "0-1"]
[WhiteElo "2325"]
[BlackElo "2518"]
[PlyCount "44"]
[EventDate "2024.11.06"]
[EventType "tourn (rapid)"]
[EventRounds "7"]
[EventCountry "ARM"]
[EventCategory "6"]
[SourceTitle "CB45_2024"]
[Source "ChessBase"]
[SourceDate "2024.11.06"]
[SourceVersion "1"]
[SourceVersionDate "2024.11.06"]
[SourceQuality "1"]

1. Nf3 d5 2. e3 Nf6 3. b3 g6 4. Bb2 Bg7 5. Be2 0-0 6. c4 c5 7. cxd5 Qxd5 8. 0-0 Nc6 9. Nc3 Qf5 10. Rc1 b6 11. d4 Rd8 12. e4 Nxe4 13. Nxe4 Qxe4 14. Bd3 Qf4 15. g3 Qg4 16. h3 Qxh3 17. Be4 Bb7 18. Ng5 Qd7 19. Qf3 e6 20. Rfd1 Qe7 21. Nxe6 Qxe6 22. d5 Ne5 0-1

[Event "Yerevan Vaganian Cup Rapid"]
[Site "Yerevan"]
[Date "2024.11.06"]
[Round "1"]
[White "Andersson, Ulf"]
[Black "Nadanian, Ashot S"]
[Result "0-1"]
[WhiteElo "2518"]
[BlackElo "2248"]
[PlyCount "108"]
[EventDate "2024.11.06"]
[EventType "tourn (rapid)"]
[EventRounds "7"]
[EventCountry "ARM"]
[EventCategory "6"]
[SourceTitle "CB45_2024"]
[Source "ChessBase"]
[SourceDate "2024.11.06"]
[SourceVersion "1"]
[SourceVersionDate "2024.11.06"]
[SourceQuality "1"]

1. d4 d5 2. c4 e6 3. Nf3 c5 4. cxd5 exd5 5. g3 Nc6 6. Bg2 Nf6 7. 0-0 Be7 8. b3 Ne4 9. Bb2 Bf6 10. e3 0-0 11. Nc3 Bg4 12. Ne2 Qa5 13. Re1 Rfe8 14. h3 Bf5 15. Nf4 Rad8 16. Qc1 cxd4 17. Nxd4 Nxd4 18. Bxd4 Bxd4 19. exd4 Nc3 20. Qd2 b6 21. a3 Rxe1+ 22. Rxe1 Nb5 23. Qxa5 bxa5 24. g4 Be4 25. Nxd5 Bxg2 26. Kxg2 Nxd4 27. Re4 Nxb3 28. Ne7+ Kf8 29. Nc6 Rd7 30. Ra4 Rd5 31. Nxa7 Rc5 32. Re4 Nd2 33. Rd4 Nc4 34. a4 Nb6 35. h4 Ke7 36. h5 h6 37. Kg3 Rc4 38. Rxc4 Nxc4 39. Kf4 Kd7 40. Nb5 Nb2 41. Nc3 Kd6 42. Kf5 Kc5 43. f4 Kc4 44. Nb5 Nxa4 45. Nd6+ Kc5 46. Nxf7 Nb2 47. g5 a4 48. gxh6 gxh6 49. Nxh6 a3 50. Nf7 a2 51. h6 a1Q 52. Kg6 Nd3 53. h7 Nxf4+ 54. Kg5 Qg7+ 0-1

[Event "Spakenburg FishPartners op"]
[Site "Spakenburg"]
[Date "2024.06.29"]
[Round "6"]
[White "Andersson, Ulf"]
[Black "Van der Hagen, Loek"]
[Result "0-1"]
[WhiteElo "2518"]
[BlackElo "2334"]
[PlyCount "120"]
[EventDate "2024.06.29"]
[EventType "swiss (rapid)"]
[EventRounds "7"]
[EventCountry "NED"]
[SourceTitle "EXT 2025"]
[Source "ChessBase"]
[SourceDate "2024.10.14"]
[SourceVersion "1"]
[SourceVersionDate "2024.10.14"]
[SourceQuality "1"]

1. d4 Nf6 2. c4 e6 3. Nf3 d5 4. Nc3 Bb4 5. Qa4+ Nc6 6. a3 Bxc3+ 7. bxc3 Ne4 8. Qc2 0-0 9. e3 b6 10. Bd3 Nf6 11. 0-0 Ba6 12. cxd5 Bxd3 13. Qxd3 exd5 14. c4 Na5 15. cxd5 Qxd5 16. Bd2 Nb7 17. Qc2 c5 18. dxc5 Nxc5 19. Bb4 Rfc8 20. Rfd1 Qe4 21. Rac1 Qxc2 22. Rxc2 Nce4 23. Rdc1 Rxc2 24. Rxc2 a5 25. Be1 Nd5 26. Kf1 Kf8 27. Ke2 Ke7 28. Nd4 Kd7 29. f3 Nc5 30. e4 Nf4+ 31. Ke3 Nfe6 32. Bc3 Rc8 33. Bb2 g6 34. Nb5 Ke7 35. Nc3 Nc7 36. a4 Rd8 37. Rd2 Rxd2 38. Kxd2 h5 39. Ke3 Ke6 40. Kd4 Nb3+ 41. Kc4 Nd2+ 42. Kd3 Nb3 43. Ba3 f5 44. Kc4 Nd2+ 45. Kd3 Nb3 46. h3 Ke5 47. f4+ Ke6 48. Bf8 fxe4+ 49. Kxe4 Nd2+ 50. Kd3 Nb3 51. g4 hxg4 52. hxg4 Nd5 53. Nxd5 Kxd5 54. Be7 Nd4 55. Bd8 Ne6 56. Bxb6 Nxf4+ 57. Ke3 Ne6 58. Bxa5 Nc5 59. Kf4 Ke6 60. Bb4 Nxa4 0-1

[Event "EU-ch Blitz"]
[Site "Zagreb"]
[Date "2023.12.16"]
[Round "7"]
[White "Jakrlin, Mihael"]
[Black "Andersson, Ulf"]
[Result "1/2-1/2"]
[WhiteElo "2119"]
[BlackElo "2518"]
[PlyCount "81"]
[EventDate "2023.12.16"]
[EventType "swiss (blitz)"]
[EventRounds "13"]
[EventCountry "CRO"]
[SourceTitle "CBM 217 Extra"]
[Source "ChessBase"]
[SourceDate "2024.01.31"]
[SourceVersion "1"]
[SourceVersionDate "2024.01.31"]
[SourceQuality "1"]

1. Nf3 d5 2. d4 e6 3. c4 Nf6 4. Nc3 Be7 5. Bg5 h6 6. Bxf6 Bxf6 7. e3 c6 8. Rc1 Nd7 9. Bd3 0-0 10. 0-0 b6 11. cxd5 cxd5 12. Nb5 a6 13. Nd6 b5 14. a4 Qb6 15. Nxc8 Rfxc8 16. Rxc8+ Rxc8 17. axb5 axb5 18. Qb3 b4 19. h3 Be7 20. Ra1 Qb8 21. g3 Bd6 22. Kg2 Nf6 23. Qa4 g6 24. Qa7 Kf8 25. Qxb8 Rxb8 26. Ra6 Ke7 27. Kf1 Ne8 28. Ke2 Nc7 29. Ra7 Ra8 30. Rxa8 Nxa8 31. Nd2 Nb6 32. b3 f5 33. f4 Nd7 34. Nf3 Nf6 35. Nh4 g5 36. Nf3 gxf4 37. gxf4 Kf7 38. Nd2 Kg6 39. Kf3 Kf7 40. Ke2 Kg6 41. Kf3 1/2-1/2

[Event "Rio de Janeiro Duchamp op 4th"]
[Site "Rio de Janeiro"]
[Date "2022.12.08"]
[Round "2"]
[White "Andersson, Ulf"]
[Black "Silva, Caio Henrique Angel"]
[Result "1-0"]
[WhiteElo "2519"]
[BlackElo "2090"]
[PlyCount "77"]
[EventDate "2022.12.07"]
[EventType "swiss"]
[EventRounds "9"]
[EventCountry "BRA"]
[SourceTitle "CBM 211 Extra"]
[Source "ChessBase"]
[SourceDate "2023.01.31"]
[SourceVersion "1"]
[SourceVersionDate "2023.01.31"]
[SourceQuality "1"]

1. Nf3 Nf6 2. c4 g6 3. g3 c6 4. Bg2 Bg7 5. 0-0 d5 6. cxd5 cxd5 7. d4 0-0 8. Ne5 Ne4 9. Nd2 Nxd2 10. Bxd2 Nc6 11. Nxc6 bxc6 12. Bc3 a5 13. Qd2 Qb6 14. e3 Re8 15. Rfc1 Bf5 16. Re1 a4 17. Rac1 Rab8 18. h4 e5 19. dxe5 Bxe5 20. b3 axb3 21. axb3 Bxc3 22. Rxc3 Qa5 23. Rd1 Rec8 24. Rxc6 Qxd2 25. Rxc8+ Bxc8 26. Rxd2 Rxb3 27. Bxd5 Rb1+ 28. Kg2 Kg7 29. Kf3 h5 30. Kf4 Kf6 31. e4 Be6 32. Rd4 Rb2 33. f3 Rc2 34. Rb4 Re2 35. Rb6 Re1 36. Rb2 Bd7 37. Rb6+ Be6 38. Bxe6 fxe6 39. Rb5 1-0

[Event "Rilton Masters vs Juniors"]
[Site "Chess.com INT"]
[Date "2020.12.27"]
[Round "1.4"]
[White "Storme, Isak"]
[Black "Andersson, Ulf"]
[Result "1/2-1/2"]
[WhiteElo "2392"]
[BlackElo "2516"]
[PlyCount "90"]
[EventDate "2020.12.27"]
[EventType "team (rapid)"]
[EventRounds "4"]
[EventCountry "SWE"]
[SourceTitle "CBM 200 Extra"]
[Source "ChessBase"]
[SourceDate "2021.03.31"]
[SourceVersion "1"]
[SourceVersionDate "2021.03.31"]
[SourceQuality "1"]
[WhiteTeam "Junior"]
[BlackTeam "Grandmaster"]
[WhiteTeamCountry "SWE"]
[BlackTeamCountry "SWE"]

1. d4 Nf6 2. c4 e6 3. Nf3 Bb4+ 4. Bd2 Qe7 5. g3 Nc6 6. Bg2 Bxd2+ 7. Qxd2 Ne4 8. Qc2 Qb4+ 9. Kf1 d5 10. e3 Qxc4+ 11. Qxc4 dxc4 12. Nbd2 Nxd2+ 13. Nxd2 Bd7 14. Nxc4 0-0-0 15. Ke2 Kb8 16. Rhc1 f6 17. Rab1 Ne7 18. f4 h6 19. Na5 b6 20. Nc6+ Nxc6 21. Bxc6 Bxc6 22. Rxc6 Rd6 23. Rbc1 Rxc6 24. Rxc6 Re8 25. b4 Kb7 26. b5 a6 27. a4 axb5 28. axb5 Kc8 29. Kf3 Kd7 30. Kg4 g6 31. e4 Ra8 32. d5 f5+ 33. Kh4 exd5 34. exd5 Ra5 35. d6 cxd6 36. Rxb6 Ke6 37. Rb8 Ra2 38. h3 Rb2 39. Rg8 Kf7 40. Rd8 Rxb5 41. Rxd6 Kg7 42. Rd7+ Kf6 43. Rd6+ Kg7 44. Rd7+ Kf6 45. Rd6+ Kg7 1/2-1/2

[Event "BL2-West 1920"]
[Site "Germany"]
[Date "2019.11.24"]
[Round "3.4"]
[White "Andersson, Ulf"]
[Black "Omelja, Artem"]
[Result "1/2-1/2"]
[WhiteElo "2517"]
[BlackElo "2499"]
[PlyCount "39"]
[EventDate "2019.09.19"]
[EventType "team-tourn"]
[EventRounds "9"]
[EventCountry "GER"]
[SourceTitle "EXT 2023"]
[Source "ChessBase"]
[SourceDate "2022.10.05"]
[SourceVersion "1"]
[SourceVersionDate "2022.10.05"]
[SourceQuality "1"]
[WhiteTeam "Duesseldorf"]
[BlackTeam "Siegburg"]
[WhiteTeamCountry "GER"]
[BlackTeamCountry "GER"]

1. Nf3 d5 2. d4 Nf6 3. c4 e6 4. g3 Bb4+ 5. Bd2 Be7 6. Bg2 0-0 7. 0-0 Nbd7 8. Qc2 c6 9. Rd1 b6 10. cxd5 cxd5 11. Nc3 Bb7 12. Rac1 Rc8 13. Qb1 a6 14. a4 h6 15. Na2 Bd6 16. Rxc8 Qxc8 17. Rc1 Qb8 18. Bb4 Rc8 19. Rxc8+ Bxc8 20. Qc2 1/2-1/2

[Event "Montevideo Duchamp Cup 2nd"]
[Site "Montevideo"]
[Date "2018.02.05"]
[Round "6"]
[White "Andersson, Ulf"]
[Black "Palencia Morales, Wilson Guillermo"]
[Result "1-0"]
[WhiteElo "2523"]
[BlackElo "2244"]
[PlyCount "103"]
[EventDate "2018.02.02"]
[EventType "swiss"]
[EventRounds "9"]
[EventCountry "URU"]
[SourceTitle "CBM 182 Extra"]
[Source "ChessBase"]
[SourceDate "2018.02.23"]
[SourceVersion "1"]
[SourceVersionDate "2018.02.23"]
[SourceQuality "1"]

1. Nf3 f5 2. g3 Nf6 3. Bg2 g6 4. 0-0 Bg7 5. c4 0-0 6. Nc3 d6 7. d4 Nc6 8. d5 Na5 9. Qd3 e5 10. dxe6 Bxe6 11. b3 Nc6 12. Bb2 h6 13. Rac1 Qe7 14. Nd4 Nxd4 15. Qxd4 c6 16. Rfd1 Rfd8 17. Qe3 Qf7 18. Rc2 Re8 19. Qc1 Rad8 20. Rcd2 d5 21. cxd5 cxd5 22. Nb5 a6 23. Nc7 Re7 24. Nxe6 Qxe6 25. Bxf6 Qxf6 26. Bxd5+ Kh7 27. Bf3 Rxd2 28. Qxd2 h5 29. h4 Qf7 30. Kg2 Be5 31. e3 Rc7 32. Qd8 Bf6 33. Qd3 Be5 34. Rd2 Kh6 35. Qd8 Bf6 36. Qd6 Qe7 37. Qb6 Be5 38. b4 Qf7 39. b5 axb5 40. Qxb5 Qe7 41. a4 Bf6 42. Qb3 Be5 43. Rd5 Rc3 44. Qb5 Bd6 45. Qb6 Bc5 46. Qb2 Qg7 47. a5 Bf8 48. Rb5 Ra3 49. Qd2 Qc3 50. Qd8 Bg7 51. Qg5+ Kh7 52. Rb6 1-0

[Event "Sanem rapid op 3rd"]
[Site "Sanem"]
[Date "2017.09.24"]
[Round "8"]
[White "Adrian, Claude"]
[Black "Andersson, Ulf"]
[Result "1/2-1/2"]
[WhiteElo "2255"]
[BlackElo "2523"]
[PlyCount "22"]
[EventDate "2017.09.24"]
[EventType "swiss (rapid)"]
[EventRounds "9"]
[EventCountry "LUX"]
[SourceTitle "CBM 180 Extra"]
[Source "ChessBase"]
[SourceDate "2017.10.06"]
[SourceVersion "1"]
[SourceVersionDate "2017.10.06"]
[SourceQuality "1"]

1. c4 c5 2. Nf3 Nf6 3. Nc3 Nc6 4. d4 cxd4 5. Nxd4 g6 6. Nc2 Bg7 7. g3 0-0 8. Bg2 d6 9. 0-0 Be6 10. b3 Qd7 11. Re1 Bh3 1/2-1/2